000 00438nam a22001457a 4500
020 _a969-35-0315-5
040 _cNUST
082 _a891.4393,TAR
100 _aTarar, Mustansar Hussain
_93135
245 _aPyar Ka Pehla Shehr / پیار کا پہلا شہر (Urdu) /
_cMustansar Hussain Tarar
260 _aLahore
_bSang-e-meel
_c2012
300 _a262 p.;
650 _aUrdu Literature
_xNovel
_9110271
942 _2ddc
_cBK
_k891.4393,TAR
999 _c593771
_d593771